00607 2200193 4500245004400000020002200044250001100066100001900077700002500096700002400121650001700145005001900162260003800181041001400219084001100233300002800244500013200272336000900404 aRelatinship GoalscNurilla IryanihText a978-602-291-371-9 aCet. 1 aNurilla Iryani aHutami Suryaningtyas aDilla Maretihaqsari aNovel Remaja a20240131072943 aYogyakartabBentang Pustakac2017 aIndonesia a808.83 aiv + 248 hlm :c20,5 cm aGina hanya bisa miris tiap melihat komentar para follower-nya di Instagram yang mengatakan ia dan Bara adala #relationshipgoals atext